| 000 | 00497nam a22001577a 4500 | ||
|---|---|---|---|
| 003 | ASAB | ||
| 005 | 20180827062833.0 | ||
| 008 | 180509t xxu||||| |||| 00| 0 eng d | ||
| 040 | _cASAB | ||
| 100 |
_93839 _aYusra Naveed-sup-Dr. Peter John |
||
| 245 |
_aTH-MS-Cloning and Expression Analysis of Human Erythropoietin Gene _cYusra Naveed-sup-Dr. Peter John |
||
| 260 |
_aIslamabad _bASAB (NCVI) _c2011 |
||
| 300 |
_axvii, 79 P _b30 cm |
||
| 630 |
_aVirology and Immunology _93840 |
||
| 942 |
_2ddc _cTH |
||
| 999 |
_c480820 _d480820 |
||